Statistieken voor Nederlandse treinstations - Noord-Holland

Klik hier om de quiz te nemen!

Algemene statistieken

  • Deze quiz is 72 keer genomen
  • De gemiddelde score is 38 van 61

Antwoordstatistieken

BedrijfAntwoorden% Correct
NSAlkmaar
98%
NS/ThalysAmsterdam Centraal
98%
NSDen Helder
96%
NSHoorn
94%
NSAmsterdam Sloterdijk
91%
NSEnkhuizen
91%
NSHaarlem
89%
NSZaandam
89%
NSHeerhugowaard
87%
NSPurmerend
83%
NSAmsterdam Zuid
81%
NS/ThalysSchiphol Airport
81%
NSCastricum
79%
NSHilversum
79%
NSAmsterdam Amstel
74%
NSHeiloo
74%
NSSchagen
74%
NSAmsterdam Bijlmer ArenA
72%
NSUitgeest
72%
NSAlkmaar Noord
70%
NSAnna Paulowna
70%
NSBeverwijk
70%
NSHoofddorp
70%
NSAmsterdam Lelylaan
68%
NSDuivendrecht
68%
NSBloemendaal
66%
NSDen Helder Zuid
64%
NSDiemen
64%
NSAmsterdam Muiderpoort
62%
NSAmsterdam RAI
60%
NSHeemskerk
60%
NSHoorn Kersenboogerd
57%
NSPurmerend Overwhere
57%
NSWeesp
57%
NSNaarden-Bussum
55%
NSObdam
55%
NSWormerveer
55%
NSHilversum Media Park
53%
NSAmsterdam Holendrecht
51%
NSBovenkarspel Flora
51%
NSKoog aan de Zaan
51%
NSAmsterdam Science Park
49%
NSDiemen Zuid
49%
NSKrommenie-Assendelft
49%
NSSantpoort Noord
49%
NSZandvoort aan Zee
49%
NSBussum Zuid
47%
NSHilversum Sportpark
47%
NSNieuw Vennep
47%
NSSantpoort Zuid
47%
NSHaarlem Spaarnwoude
45%
NSHoogkarspel
43%
NSHalfweg-Zwanenburg
40%
NSHeemstede-Aerdenhout
38%
NSPurmerend Weidevenne
38%
NSZaandijk Zaanse Schans
38%
NSDriehuis
36%
NSZaandam Kogerveld
36%
NSBovenkarspel-Grootebroek
34%
NSOverveen
32%
NS(Utr)Hollandsche Rading
28%

Scoreverdeling

Percentiel versus Aantal Correcte Antwoorden

Procent van Mensen met Elke Score

Uw Scoregeschiedenis

U heeft deze quiz nog niet genomen